00437 a2200121 4500001000900000005001700009008004100026245012600067100002700193700001700220700001800237773006000255ART_723020260410161700.0260409a 10aEfectos de la estructura productiva desequilibrada y de los esquemas cambiarios sobre el ciclo del empleo en la Argentina1 aPanigo, Demián Tupac1 aChena, Pablo1 aGárriz, Ana0 tEnsayos Económicosg- Nº 59 (jul./sep. 2010)wREV620